01947nab a2200253 uc450000100070000000500170000700800410002403500110006503500210007604000130009704100080011010000480011824501000016652010700026665000160133665000330135265000180138565000300140365000130143365000360144670000410148277301110152385600590163478484220240806090418.0021112e20020605 spa  a784842 a(OCoLC)819997968 ccomduadb aspa10aAgudelo Santamaría, John Ramiro4auteaut10aDesarrollo de un modelo para el dimensionamiento de mezcladores aire - gas natural para motores3 aEl artículo presenta un método para el diseño de mezcladores aire-gas natural de Venturi fijo o variable en motores de aspiración natural o turboalimentados, en el cual se utiliza el modelo de flujo incompresible en estado estable unidimensional. El modelo se ha expresado principalmente en función de las condiciones atmosféricas locales, la relación aire-combustible y el tipo de gas natural. El artículo tiene como objeto no solo servir de guía a fabricantes en el país para el dimensionamiento de mezcladores de gas natural en baja presión, sino además emplearlo como una herramienta para la selección adecuada de mezcladores en función del tipo de motor, de las condiciones atmosféricas locales y de las condiciones de operación. El modelo se corrió para un régimen de motor constante y en torno al de par máximo más común (3.500 r.p.m..). Los resultados muestran que los parámetros más influyentes sobre la geometría del mezclador son la relación aire combustible y el tipo de gas natural (índice de Wobbe). aMezcladores aGas natural como combustible aTubos venturi aCombustibles para motores aBiogás aMotores de combustión interna10aMejía Álvarez, Ricardo4auteaut0 tRevista Facultad de Ingeniería (Medellín)gNúmero 26, Junio 2002, p. 54-67w120998x0120-62300678904 uhttp://bibliotecadigital.udea.edu.co/handle/10495/6147